000 01070cab a22002295a 4500
001 L142649
008 080226e20080222xxk f 000 0 eng d
035 _a(Sirsi) u142649
041 0 _aeng
100 1 _aKennett, Stephen
245 0 0 _aSpecifier
_bIT
260 _c2008
490 0 _aBuilding
_v273(8517) 22 February 2008, 76-78(3)
520 _aReviews a software programme which is being developed by BLP to simply calculate the life cycle cost of housing. Explains how the software calculates the life cycle cost figure in three steps and uses just 50 to 100 components rather the 300 used by other models. Also outlines how many separate calculations are usually required to generate a basic life cycle cost model and mentions UK guidance on life cycle costing that is due later in the year.
590 _aKA
650 2 4 _aISO/FDIS 15686-5
651 4 _aUnited Kingdom
_y
690 _aBUILT ENVIRONMENT-BUILDING COSTS
690 _aMANAGEMENT-BUSINESS MANAGEMENT-COST MANAGEMENT-COST ANALYSIS-LIFE CYCLE COSTING
700 1 _aMayer, Peter
942 _n0
999 _c79892
_d79892